000 00515nam a22001937a 4500
003 KOHA_MİRAKIL
005 20251123130627.0
008 251123b tu ||||| |||| 00| 0 tur d
020 _a9789750523489
040 _aTR-AnABB
_btur
_cTR-AnABB
041 _atur
082 _a741.5
_bERB 2018
100 1 _aErbaş, Uğur,
245 1 0 _aGozo ve Sagre /
260 _aİstanbul :
_bİletişim Yayıncılık,
_c2018
300 _a267 sayfa ;
_c22 cm
650 0 4 _aTürk edebiyatı, roman
942 _2ddc
_cBK
999 _c9556
_d9556
900 _bGizem YORULMAZ